Vnútorný trh Európskej únie a jeho acquis

Jednou zo základných úloh Európskeho spoločenstva je vytvorenie spoločného trhu. Od spoločného k jednotnému/vnútornému trhu. Acquis communautaire vnútorného trhu.

Salvato in:
Dettagli Bibliografici
Autore principale: Libánský, Václav
Altri autori: Gustafíková, Yvona
Natura: Capitolo di libro
Lingua:slovacco
Soggetti:
Tags: Aggiungi Tag
Nessun Tag, puoi essere il primo ad aggiungerne!!

MARC

LEADER 00000naa a2200000 4500
001 r041621
005 20230906081606.1
041 0 |a slo 
044 |a SK 
245 1 0 |a Vnútorný trh Európskej únie a jeho acquis  |c Václav Libanský ; Preklad Gustafíková Yvona 
520 |a Jednou zo základných úloh Európskeho spoločenstva je vytvorenie spoločného trhu. Od spoločného k jednotnému/vnútornému trhu. Acquis communautaire vnútorného trhu. 
610 2 0 |a trh spoločný 
610 2 0 |a trh vnútorný 
610 2 0 |a Európska únia 
100 1 |a Libánský, Václav 
700 1 |a Gustafíková, Yvona